|
|
|
|
| LEADER |
02750nam a2200625 i 4500 |
| 001 |
nkc20183058078 |
| 003 |
CZ PrNK |
| 005 |
20190709162945.0 |
| 007 |
ta |
| 008 |
181123s2019 xr a f f 000 0 cze |
| 015 |
|
|
|a cnb003058078
|
| 020 |
|
|
|a 978-80-7427-291-2
|q (Výzkumný ústav rostlinné výroby ;
|q brožováno)
|
| 035 |
|
|
|a (OCoLC)1107827215
|
| 040 |
|
|
|a OLA001
|b cze
|e rda
|
| 072 |
|
7 |
|a 632
|x Ochrana rostlin. Fytopatologie
|2 Konspekt
|9 24
|
| 080 |
|
|
|a 633.42
|2 MRF
|
| 080 |
|
|
|a 632.9
|2 MRF
|
| 080 |
|
|
|a 632.35
|2 MRF
|
| 080 |
|
|
|a (083.744)
|2 MRF
|
| 100 |
1 |
|
|a Novotný, David,
|d 1971-
|7 uzp2008465445
|4 aut
|
| 245 |
1 |
0 |
|a Prostředky diagnostiky a ochrany proti vybraným druhům škodlivých mikroorganismů zelí :
|b uplatněná certifikovaná metodika /
|c David Novotný, Miroslav Baránek, Aleš Eichmeier, Jaroslav Salava, Eliška Peňázová, Jakub Pečenka, Martin Koudela
|
| 264 |
|
1 |
|a Praha :
|b Výzkumný ústav rostlinné výroby, v.v.i. ve Výzkumném ústavu zemědělské techniky, v.v.i.,
|c 2019
|
| 300 |
|
|
|a 36 stran :
|b barevné ilustrace ;
|c 21 cm
|
| 336 |
|
|
|a text
|b txt
|2 rdacontent
|
| 337 |
|
|
|a bez média
|b n
|2 rdamedia
|
| 338 |
|
|
|a svazek
|b nc
|2 rdacarrier
|
| 490 |
1 |
|
|a Metodika pro praxi
|
| 500 |
|
|
|a Název z obálky
|
| 500 |
|
|
|a Pod názvem: Výzkumný ústav rostlinné výroby, v.v.i., Mendelova univerzita v Brně, Česká zemědělská univerzita v Praze
|
| 500 |
|
|
|a 50 výtisků
|
| 504 |
|
|
|a Obsahuje bibliografie a bibliografické odkazy
|
| 650 |
0 |
7 |
|a zelí hlávkové
|7 ph182417
|2 czenas
|
| 650 |
0 |
7 |
|a ochrana rostlin
|7 ph123664
|2 czenas
|
| 650 |
0 |
7 |
|a bakteriální nemoci rostlin
|7 ph139008
|2 czenas
|
| 650 |
0 |
9 |
|a head cabbage
|2 eczenas
|
| 650 |
0 |
9 |
|a plant conservation
|2 eczenas
|
| 650 |
0 |
9 |
|a bacterial diseases of plants
|2 eczenas
|
| 655 |
|
7 |
|a certifikované metodiky
|7 fd806827
|2 czenas
|
| 655 |
|
9 |
|a certified methodology
|2 eczenas
|
| 700 |
1 |
|
|a Baránek, Miroslav
|7 mzk2006337468
|4 aut
|
| 700 |
1 |
|
|a Eichmeier, Aleš
|7 uzp2012682975
|4 aut
|
| 700 |
1 |
|
|a Salava, Jaroslav,
|d 1965-
|7 mzk2009539402
|4 aut
|
| 700 |
1 |
|
|a Peňázová, Eliška
|7 ola2013794293
|4 aut
|
| 700 |
1 |
|
|a Pečenka, Jakub
|4 aut
|
| 700 |
1 |
|
|a Koudela, Martin,
|d 1972-
|7 ola2006329851
|4 aut
|
| 710 |
2 |
|
|a Výzkumný ústav rostlinné výroby
|7 kn20010724965
|4 isb
|
| 710 |
2 |
|
|a Mendelova univerzita
|7 ko2010541433
|4 isb
|
| 710 |
2 |
|
|a Česká zemědělská univerzita v Praze
|7 kn20010710172
|4 isb
|
| 810 |
2 |
|
|a Výzkumný ústav rostlinné výroby.
|t Metodika
|0 s
|
| 910 |
2 |
|
|a BOA001
|b 2-1428.298
|
| 928 |
9 |
|
|a Výzkumný ústav zemědělské techniky
|
| 990 |
|
|
|a BK
|
| 995 |
|
|
|a 01
|
| 991 |
|
|
|b 201905
|c NOV
|
| 996 |
6 |
|
|b 2610779860
|c 2-1428.298
|l MZK
|r Sklad / do 1 hodiny
|n 0
|p p.v.
|w 001720464
|u 000010
|a 1
|e BOA001
|j MZK50
|s P
|